Pays avec la lettre H comme deuxième lettre - Statistiques

Statistiques générales
  • Ce quiz a été pris 1 928 fois
  • Le résultat moyen est 5 sur 7
Statistiques - réponses
Pays % Correct
Chine
90%
Bhoutan
67%
Chili
67%
Philippines
61%
Ghana
60%
Thailande
60%
Chypre
54%
Aucun quiz correspondant
Distribution des résultats
% des personnes avec chaque résultat
Percentile par nombre de réponses
Votre historique - résultats
Vous n’avez pas pris ce quiz